Propriť ̌intellectuelle et droit communautaire europěn Etat des lieux

Detalles Bibliográficos
Autor principal: Charlebois Mankou-Nguila, Armand
Formato: eBook
Lenguaje:francés
Publicado: Paris : Presses Acadm̌iques Francophones, 2012
Materias:
Acceso en línea:http://www.vlex.com/source/10366

MARC

LEADER 00000nam a22000007a 4500
005 20130405114729.0
007 cr|||| ||||
008 130405e2012 fr |||||s|||| 00||0 fre d
020 |a 9783838172019 
035 |a 10366 
040 |a vLex 
090 |c 4134  |d 4134 
100 1 0 |a Charlebois Mankou-Nguila, Armand  
245 1 0 |a Propriť ̌intellectuelle et droit communautaire europěn  |b Etat des lieux  |c / Armand Charlebois Mankou-Nguila  |h [Recurso electrn̤ico] 
256 |a Servicio en ln̕ea 
260 |a Paris :  |b Presses Acadm̌iques Francophones,   |c 2012 
300 |a 1 Recurso electrn̤ico 
506 |a Contenido solo disponible en los productos indicados  |d vLex Global  |d vLex Global (Academic Edition, excluding Law Schools)  |d vLex Global (U.S. Academic Edition, Law Schools)  |d vLex Global (U.S. Academic Edition, excluding Law Schools)  |d vLex Global (Academic Edition, Law Schools) 
650 0 4 |a Propiedad intelectual  |z Unin̤ Europea 
650 0 4 |a Derecho comunitario 
740 |a vLex Libros (Servicio en ln̕ea) 
856 |a Acceso restringido  |u http://www.vlex.com/source/10366 
942 |c BOOK 
999 0 |a Intellectual property